[Event "COL-chT"]
[Site "Cartagena"]
[Date "2019.11.28"]
[Round "7.2"]
[White "Ortega, Daniel"]
[Black "Caballero, William"]
[Result "1/2-1/2"]
[WhiteElo "2022"]
[BlackElo "2112"]
[PlyCount "117"]
[EventDate "2019.11.24"]
[EventType "team-swiss"]
[EventRounds "7"]
[EventCountry "COL"]
[SourceTitle "CBM 193 Extra"]
[Source "ChessBase"]
[SourceDate "2020.01.31"]
[SourceVersion "1"]
[SourceVersionDate "2020.01.31"]
[SourceQuality "1"]
[WhiteTeam "Sucre"]
[BlackTeam "Atlantico"]
[WhiteTeamCountry "COL"]
[BlackTeamCountry "COL"]

1. e4 c5 2. Nf3 Nc6 3. d4 cxd4 4. Nxd4 g6 5. Nc3 Bg7 6. Be3 Nf6 7. Be2 0-0 8. f4 d6 9. Nb3 Be6 10. 0-0 a5 11. Kh1 Qc8 12. Qd2 a4 13. Nd4 Nxd4 14. Bxd4 Rd8 15. Rac1 Bc4 16. b3 Bxe2 17. Qxe2 axb3 18. cxb3 Qg4 19. Rf3 Rdc8 20. Rcf1 Ra5 21. a4 Qe6 22. Bxf6 Bxf6 23. Nb5 Ra6 24. Re3 Rac6 25. e5 dxe5 26. fxe5 Bg5 27. Nd4 Qd7 28. Nxc6 Bxe3 29. Nxe7+ Qxe7 30. Qxe3 Re8 31. Qf4 Qe6 32. b4 Re7 33. a5 Qxe5 34. Qxe5 Rxe5 35. Kg1 Kf8 36. Rc1 Rb5 37. Rc4 Ke7 38. Kf2 Kd6 39. Ke3 Rf5 40. g4 Rf1 41. g5 Rg1 42. h4 Rh1 43. Rf4 Re1+ 44. Kd4 Re7 45. Rf6+ Kc7 46. b5 Kc8 47. Kc5 Re5+ 48. Kb6 Re7 49. a6 bxa6 50. bxa6 Kb8 51. Rd6 Re8 52. a7+ Ka8 53. Rc6 Rh8 54. Rc7 Rf8 55. Re7 f6 56. gxf6 Rxf6+ 57. Kc7 h5 58. Kd8 Rf8+ 59. Kd7 1/2-1/2

[Event "COL pre olympic sf3"]
[Site "Cartagena"]
[Date "2019.08.16"]
[Round "5"]
[White "Sanchez, Sebastian Felipe"]
[Black "Caballero, William"]
[Result "1-0"]
[WhiteElo "2405"]
[BlackElo "2098"]
[PlyCount "115"]
[EventDate "2019.08.14"]
[EventType "swiss"]
[EventRounds "10"]
[EventCountry "COL"]
[SourceTitle "EXT 2020"]
[Source "ChessBase"]
[SourceDate "2019.10.17"]
[SourceVersion "1"]
[SourceVersionDate "2019.10.17"]
[SourceQuality "1"]

1. d4 Nf6 2. c4 c5 3. d5 b5 4. cxb5 a6 5. bxa6 g6 6. Nc3 Bxa6 7. g3 d6 8. Bg2 Bg7 9. Nf3 Nbd7 10. Rb1 0-0 11. 0-0 Qa5 12. Bd2 Rfb8 13. b3 Qc7 14. Ne1 Nb6 15. Nc2 Qb7 16. Ne3 Qd7 17. Qc2 Qa7 18. a4 Qc7 19. Rfd1 Nbd7 20. h3 Ra7 21. Nc4 Ne8 22. Na3 Rab7 23. Ncb5 Bxb5 24. Nxb5 Qb6 25. e4 Nc7 26. Bf1 Nxb5 27. Bxb5 Bd4 28. Kg2 Rc7 29. f4 Rbc8 30. Qd3 Nf6 31. a5 Qa7 32. Bc4 Nd7 33. Be1 Bg7 34. Rdc1 Kf8 35. Rc2 Kg8 36. Ra2 Bd4 37. Ra4 Bg7 38. g4 Rf8 39. Bh4 Re8 40. Re1 Rb7 41. Bf2 Qa8 42. g5 Reb8 43. Re2 Rb4 44. Raa2 R4b7 45. h4 Rf8 46. Bg3 Ra7 47. Qd2 Qb8 48. Qe1 f6 49. Ra4 fxg5 50. hxg5 h6 51. e5 hxg5 52. exd6 exd6 53. Re7 gxf4 54. Qe6+ Kh7 55. Ra1 Nf6 56. Rh1+ Nh5 57. Bd3 Kh8 58. Qxg6 1-0

[Event "COL pre olympic sf3"]
[Site "Cartagena"]
[Date "2019.08.15"]
[Round "2"]
[White "Caballero, William"]
[Black "Munoz Galvez, Jhon Edison"]
[Result "0-1"]
[WhiteElo "2098"]
[BlackElo "2337"]
[PlyCount "106"]
[EventDate "2019.08.14"]
[EventType "swiss"]
[EventRounds "10"]
[EventCountry "COL"]
[SourceTitle "EXT 2020"]
[Source "ChessBase"]
[SourceDate "2019.10.17"]
[SourceVersion "1"]
[SourceVersionDate "2019.10.17"]
[SourceQuality "1"]

1. d4 Nf6 2. Nf3 g6 3. g3 Bg7 4. Bg2 0-0 5. c4 c6 6. 0-0 d5 7. Qb3 Re8 8. Nc3 dxc4 9. Qxc4 Be6 10. Qd3 Na6 11. Ng5 Bd7 12. Qc4 Rf8 13. e4 Nc7 14. Qb4 Bc8 15. Rd1 h6 16. Nf3 Nd7 17. Be3 a5 18. Qb3 b5 19. Qc2 Bb7 20. Rac1 Rc8 21. Bh3 e6 22. Bg2 Qe7 23. Ne2 a4 24. Ne5 Nxe5 25. dxe5 Na6 26. f4 Rfd8 27. Bb6 Rxd1+ 28. Rxd1 Bf8 29. a3 Nc5 30. Rd6 Nd7 31. Bf2 Qe8 32. Rd2 c5 33. h4 h5 34. Bf3 b4 35. g4 hxg4 36. Bxg4 bxa3 37. bxa3 c4 38. Qxa4 Nc5 39. Qxe8 Rxe8 40. Rc2 Nxe4 41. Rxc4 Bd5 42. Rc7 Rb8 43. Bf3 Rb3 44. Kg2 Rxa3 45. Ng3 Nxg3 46. Bxd5 Nh5 47. Bc4 Nxf4+ 48. Kh2 Nd3 49. Bd4 Bg7 50. Bxd3 Rxd3 51. Rc8+ Kh7 52. Ba1 Rd1 53. Bc3 Rc1 0-1

[Event "COL-chT Liga Quintal"]
[Site "Barranquilla"]
[Date "2019.06.16"]
[Round "7.1"]
[White "Caballero, William"]
[Black "Padilla Ordonez, Daniel Eduardo"]
[Result "1-0"]
[WhiteElo "2076"]
[BlackElo "1892"]
[PlyCount "69"]
[EventDate "2019.03.17"]
[EventType "team-tourn"]
[EventRounds "7"]
[EventCountry "COL"]
[SourceTitle "EXT 2024"]
[Source "ChessBase"]
[SourceDate "2023.10.10"]
[SourceVersion "1"]
[SourceVersionDate "2023.10.10"]
[SourceQuality "1"]
[WhiteTeam "Centenario y Asociados"]
[BlackTeam "Quintal B"]
[WhiteTeamCountry "COL"]
[BlackTeamCountry "COL"]

1. d4 d5 2. Nc3 Nf6 3. Bg5 e6 4. e4 Be7 5. e5 Nfd7 6. h4 Bxg5 7. hxg5 Qxg5 8. Nh3 Qe7 9. Qh5 a6 10. Ng5 h6 11. Bd3 Nf8 12. 0-0-0 Nc6 13. Qg4 Bd7 14. Nf3 g6 15. Qf4 h5 16. g4 h4 17. g5 h3 18. Rdg1 Nb4 19. Bf1 c5 20. Bxh3 cxd4 21. Nxd4 Rc8 22. Bxe6 Rxh1 23. Bxd7+ Kxd7 24. Rxh1 Ne6 25. Nxe6 fxe6 26. Qf6 Qxf6 27. gxf6 d4 28. Rd1 d3 29. a3 Na2+ 30. Nxa2 Rxc2+ 31. Kb1 Rxf2 32. Rxd3+ Ke8 33. Rd6 g5 34. Rxe6+ Kf8 35. Nc3 1-0

[Event "COL-chT Interligas"]
[Site "Palmira"]
[Date "2019.04.29"]
[Round "5.1"]
[White "Caballero, William"]
[Black "Munoz Galvez, Jhon Edison"]
[Result "0-1"]
[WhiteElo "2076"]
[BlackElo "2321"]
[PlyCount "114"]
[EventDate "2019.04.27"]
[EventType "team-swiss"]
[EventRounds "6"]
[EventCountry "COL"]
[SourceTitle "CBM 190 Extra"]
[Source "ChessBase"]
[SourceDate "2019.07.15"]
[SourceVersion "1"]
[SourceVersionDate "2019.07.15"]
[SourceQuality "1"]
[WhiteTeam "Atlantico"]
[BlackTeam "Caldas"]
[WhiteTeamCountry "COL"]
[BlackTeamCountry "COL"]

1. d4 Nf6 2. Bf4 d6 3. Nc3 Nbd7 4. Nf3 c5 5. e3 a6 6. a4 Nh5 7. Bg5 h6 8. Bh4 g5 9. Nd2 Ng7 10. Bg3 Nf5 11. Bc4 h5 12. Qf3 e6 13. d5 g4 14. Qe2 e5 15. Bd3 Nxg3 16. hxg3 Nf6 17. a5 Bd7 18. Nc4 Bb5 19. Nb6 Bxd3 20. Qxd3 Rb8 21. Qf5 Rh6 22. Rh2 Bg7 23. 0-0-0 Ke7 24. Rdh1 Qh8 25. Ne4 Nxe4 26. Qxe4 Rd8 27. Kd1 Bf6 28. Qf5 Qh7 29. Qxh7 Rxh7 30. Rxh5 Rg7 31. Ke2 e4 32. Nc4 Rdg8 33. c3 Kd7 34. Rf5 Bg5 35. Rh5 f6 36. Kd2 Ke7 37. Ke2 Kf7 38. Nxd6+ Kg6 39. Rhxg5+ fxg5 40. Re5 Rd8 41. Nxe4 c4 42. Rxg5+ Kh6 43. Re5 Rg6 44. f3 b6 45. d6 bxa5 46. Rxa5 Rb8 47. Ra2 a5 48. Kd1 Kg7 49. Kc2 Rh6 50. Ra4 Rh2 51. Rxc4 Rxg2+ 52. Kd3 gxf3 53. Rc5 Rf8 54. Rg5+ Kh6 55. d7 f2 56. Rf5 Rxf5 57. Kd4 f1Q 0-1

[Event "COL-ch"]
[Site "Bogota"]
[Date "2018.11.12"]
[Round "9"]
[White "Martinez Murcia, John Alexander"]
[Black "Caballero, William"]
[Result "0-1"]
[WhiteElo "1873"]
[BlackElo "2038"]
[PlyCount "72"]
[EventDate "2018.11.06"]
[EventType "swiss"]
[EventRounds "9"]
[EventCountry "COL"]
[SourceTitle "CBM 187 Extra"]
[Source "ChessBase"]
[SourceDate "2018.11.04"]
[SourceVersion "1"]
[SourceVersionDate "2018.11.04"]
[SourceQuality "1"]

1. d4 Nf6 2. Bf4 g6 3. e3 Bg7 4. c3 d6 5. Nd2 0-0 6. h3 Nfd7 7. Bh2 e5 8. Bc4 Qe7 9. Ne2 a6 10. a4 c5 11. 0-0 Kh8 12. dxc5 dxc5 13. Ba2 Rd8 14. Nc4 Nf8 15. Qc2 Nc6 16. Nb6 Rb8 17. Nd5 Qh4 18. Bg3 Qh5 19. f4 Be6 20. Rad1 b5 21. fxe5 Bxe5 22. Ndf4 Qg5 23. Bxe6 Nxe6 24. axb5 axb5 25. Qe4 Bxf4 26. exf4 Qh5 27. f5 Rxd1 28. Rxd1 gxf5 29. Be5+ Kg8 30. Qxc6 Qxe2 31. Qd6 Ra8 32. Bf6 f4 33. Qd5 Re8 34. Bh4 Qxb2 35. Qf5 Qxc3 36. g3 Qe3+ 0-1

[Event "COL-ch"]
[Site "Bogota"]
[Date "2018.11.09"]
[Round "5"]
[White "Caballero, William"]
[Black "Sanchez, Sebastian Felipe"]
[Result "0-1"]
[WhiteElo "2038"]
[BlackElo "2416"]
[PlyCount "44"]
[EventDate "2018.11.06"]
[EventType "swiss"]
[EventRounds "9"]
[EventCountry "COL"]
[SourceTitle "CBM 187 Extra"]
[Source "ChessBase"]
[SourceDate "2018.11.04"]
[SourceVersion "1"]
[SourceVersionDate "2018.11.04"]
[SourceQuality "1"]

1. e4 c5 2. c3 d5 3. exd5 Qxd5 4. d4 Nc6 5. Nf3 Bf5 6. Na3 cxd4 7. Nb5 0-0-0 8. cxd4 e5 9. Qa4 exd4 10. Nxa7+ Nxa7 11. Qxa7 Qe4+ 12. Be2 d3 13. 0-0 dxe2 14. Re1 Ne7 15. Bg5 f6 16. Rac1+ Nc6 17. Be3 Bb4 18. Bb6 Bxe1 19. Qa8+ Kd7 20. Qxb7+ Ke8 21. Qxg7 Rd1 22. Qxh8+ Kf7 0-1

[Event "Atlantico Region-ch Amateur"]
[Site "Baranoa"]
[Date "2017.02.12"]
[Round "4.2"]
[White "Kostov, Alex"]
[Black "Caballero, William"]
[Result "0-1"]
[WhiteElo "2071"]
[BlackElo "2038"]
[PlyCount "104"]
[EventDate "2017.02.11"]
[EventType "swiss"]
[EventRounds "5"]
[EventCountry "COL"]
[SourceTitle "EXT 2024"]
[Source "ChessBase"]
[SourceDate "2023.10.10"]
[SourceVersion "1"]
[SourceVersionDate "2023.10.10"]
[SourceQuality "1"]

1. e4 g6 2. d4 Bg7 3. Nc3 c5 4. Nf3 cxd4 5. Nxd4 Nc6 6. Be3 Nf6 7. Be2 0-0 8. 0-0 d5 9. exd5 Nxd5 10. Nxd5 Qxd5 11. Bf3 Qa5 12. Nxc6 bxc6 13. Qc1 Rb8 14. c3 c5 15. Rd1 Be6 16. Bd5 Bf5 17. Bc4 Qa4 18. Bb3 Qb5 19. Rd5 Rfc8 20. Qd2 a5 21. Rd1 h5 22. Bf4 Ra8 23. Bh6 e6 24. Bxg7 Kxg7 25. Rd7 a4 26. Bc2 Qxb2 27. Bxf5 Qxd2 28. R1xd2 gxf5 29. Kf1 a3 30. Rb7 Rcb8 31. Rdd7 Rxb7 32. Rxb7 Ra5 33. Ke2 Kf6 34. Kd3 Ra4 35. Rb5 Rg4 36. g3 c4+ 37. Kd2 h4 38. Ra5 hxg3 39. hxg3 f4 40. gxf4 Rxf4 41. Ke3 e5 42. Rxa3 Kf5 43. Ra7 f6 44. Rf7 Kg5 45. a4 e4 46. Rg7+ Kf5 47. Rg3 Rh4 48. Kd4 Kf4 49. Re3 f5 50. a5 Rh2 51. Re2 Kf3 52. Ra2 e3 0-1